000 00606nam a2200205Ia 4500
005 20250923144808.0
008 008 250917s9999 xx 000 0 eng d
037 _aTextual
040 _aDSWL
_beng
_cDSWL
041 _aeng
_2eng
084 _aL7:4:691, N61
_qDSWL
100 _aMichael, Balint Erid
_9828515
245 0 _aPsychotherapeutic techniques in Medicine
_cby Balint Erid Michael
260 _aTavistock
_bTavistockPublications
_c1961
300 _axvi,236p.
365 _aINR
_b21
925 _g21
942 _cTEXL
_hL7:4:691, N61
999 _c1443450
_d1443450